Развитие транспорта и инфраструктуры России; Интеграция производства, науки и образования и реиндустриализация российской экономики

Bibliographic Details
Parent link:Интеграция производства, науки и образования и реиндустриализация российской экономики.— 2015.— С. 326-330
Main Author: Маковеев Е. Н.
Language:Russian
Published: 2015
Format: MixedMaterials Book Chapter
KOHA link:https://koha.lib.tpu.ru/cgi-bin/koha/opac-detail.pl?biblionumber=309506

MARC

LEADER 00000naa2a2200000 4500
001 309506
005 20260126142201.0
035 |a (RuTPU)RU\TPU\book\334828 
035 |a RU\TPU\book\334221 
090 |a 309506 
100 |a 20151113d2015 k y0rusy50 ca 
101 0 |a rus 
102 |a RU 
200 1 |a Развитие транспорта и инфраструктуры России  |f Е. Н. Маковеев  |d Development of transport and infrastructure in Russia  |z eng 
320 |a Библиогр.: с. 330 (7 назв.) 
463 0 |0 (RuTPU)RU\TPU\book\315363  |y 978-5-9710-2068-4  |t Интеграция производства, науки и образования и реиндустриализация российской экономики  |o сборник материалов Международного конгресса "Возрождение производства, науки и образования в России: вызовы и решения", Москва, 22-23 ноября 2014 г.  |f Институт нового индустриального развития им. С. Ю. Витте (ИНИР) ; под ред. С. Д. Бодрунова  |v С. 326-330  |d 2015 
700 1 |a Маковеев  |b Е. Н. 
801 1 |a RU  |b 63413507  |c 20151108 
801 2 |a RU  |b 63413507  |c 20151113  |g RCR 
942 |c BK